[Event "IND-ch 59th"]
[Site "New Delhi"]
[Date "2023.01.02"]
[Round "12"]
[White "Kumar, Gaurav"]
[Black "Narayan, Joshi"]
[Result "1-0"]
[WhiteElo "2012"]
[BlackElo "1596"]
[PlyCount "59"]
[EventDate "2022.12.22"]
[EventType "swiss"]
[EventRounds "13"]
[EventCountry "IND"]
[SourceTitle "CBM 211 Extra"]
[Source "ChessBase"]
[SourceDate "2023.01.31"]
[SourceVersion "1"]
[SourceVersionDate "2023.01.31"]
[SourceQuality "1"]

1. Nf3 Nf6 2. c4 e6 3. g3 d5 4. d4 Bb4+ 5. Bd2 Be7 6. Bg2 0-0 7. 0-0 c6 8. b3 b6 9. Qc2 Nbd7 10. Bc3 Ba6 11. Nbd2 b5 12. e4 dxe4 13. Ne5 Nxe5 14. dxe5 Nd5 15. cxd5 b4 16. d6 Bxd6 17. Bb2 Bxf1 18. Rxf1 Be7 19. Bxe4 h6 20. Nc4 Qc7 21. Qe2 Rfd8 22. Bc2 Rd5 23. Qe4 g6 24. Ne3 Ra5 25. Ng4 Rxa2 26. Nxh6+ Kg7 27. Nxf7 Rxb2 28. Qxg6+ Kf8 29. Nh6 Bc5 30. Qf6+ 1-0